[Event "Deltalift Open 2012"]
[Site "Tylosand"]
[Date "2012.05.17"]
[Round "1.1"]
[White "Tikkanen, Hans"]
[Black "Goransson, Martin"]
[Result "1-0"]
[WhiteElo "2636"]
[BlackElo "2036"]
[EventDate "2012.05.17"]

1.Nf3 d5 2.c4 c6 3.e3 Bg4 4.cxd5 Qxd5 5.Nc3 Qd6 6.Bc4 e6 7.Qb3 Qc7 8.Ne5 
Bh5 9.d4 Nd7 10.Nxd7 Qxd7 11.e4 Nf6 12.O-O Be7 13.Be3 O-O 14.f3 Bg6 15.
Rfd1 Rfd8 16.Rac1 b5 17.Bf1 a6 18.Ne2 h6 19.Nf4 Bh7 20.a4 b4 21.Nd3 a5 22.
Ne5 Qb7 23.Nxc6 Rdc8 24.Nxe7+ Qxe7 25.Rc2 Rxc2 26.Qxc2 Nd5 27.Qc6 1-0

[Event "Deltalift Open 2012"]
[Site "Tylosand"]
[Date "2012.05.17"]
[Round "1.2"]
[White "Gummesson, Anton"]
[Black "Hector, Jonny"]
[Result "0-1"]
[WhiteElo "2027"]
[BlackElo "2630"]
[EventDate "2012.05.17"]

1.e4 e5 2.Nf3 Nc6 3.Nc3 Nf6 4.g3 Bc5 5.Bg2 d6 6.d3 Be6 7.Na4 Qe7 8.Nxc5 
dxc5 9.Ng5 Bd7 10.Be3 Ng4 11.Bd2 O-O-O 12.a3 Kb8 13.b4 cxb4 14.axb4 Nxb4 
15.O-O Nc6 16.Qb1 h6 17.Nf3 Bc8 18.Qb5 Rd6 19.Qa4 a6 20.Rfb1 Ka8 21.Bc3 
Nf6 22.Qb3 Nd7 23.Qb2 f6 24.Nh4 Qf7 25.Nf5 Re6 26.d4 exd4 27.Nxd4 Nxd4 28.
Bxd4 Rb6 29.Qc3 Rc6 30.Qe3 Ne5 31.f4 Ng4 32.Qd2 Qc4 33.c3 Rd8 34.Rb4 Qe6 
35.Qb2 h5 36.h3 Nh6 37.e5 fxe5 38.Rxa6+ Rxa6 39.Bxb7+ Bxb7 40.Rxb7 exd4 
0-1

[Event "Deltalift Open 2012"]
[Site "Tylosand"]
[Date "2012.05.17"]
[Round "1.3"]
[White "Berg, Emanuel"]
[Black "Sandstrom, Anders"]
[Result "1-0"]
[WhiteElo "2627"]
[BlackElo "2024"]
[EventDate "2012.05.17"]

1.e4 c5 2.Nf3 Nc6 3.d4 cxd4 4.Nxd4 Nf6 5.Nc3 e5 6.Ndb5 d6 7.Bg5 a6 8.Na3 
b5 9.Bxf6 gxf6 10.Nd5 Bg7 11.c3 f5 12.Bd3 Ne7 13.Nxe7 Qxe7 14.O-O O-O 15.
Nc2 d5 16.exf5 e4 17.Be2 Bxf5 18.Qxd5 Bg6 19.Nd4 Kh8 20.Rad1 f5 21.f4 Rac8
22.Kh1 Rf6 23.a3 Rc5 24.Qa8+ Bf8 25.Nc2 Rc7 26.Nb4 Bf7 27.Rd8 Kg7 28.Nd5 
Bxd5 29.Qxd5 Qe6 30.Rd1 Qxd5 31.R1xd5 Bc5 32.g3 Be3 33.Rd1 Rcc6 34.Kg2 Bc5
35.R1d7+ Rf7 36.Rd5 Be3 37.Bh5 Rff6 38.R5d7+ Kh6 39.Bd1 Rg6 40.Bb3 Rg7 41.
Bf7 1-0

[Event "Deltalift Open 2012"]
[Site "Tylosand"]
[Date "2012.05.17"]
[Round "1.4"]
[White "Andersson, Sven-Olof"]
[Black "Hillarp Persson, Tiger"]
[Result "0-1"]
[WhiteElo "2013"]
[BlackElo "2586"]
[EventDate "2012.05.17"]

1.d4 g6 2.Nf3 Bg7 3.g3 d6 4.Bg2 Nd7 5.c4 e5 6.Nc3 Ne7 7.e3 O-O 8.O-O h6 9.
a4 a5 10.Re1 f5 11.Nd5 Nxd5 12.cxd5 e4 13.Nd2 Nf6 14.Qb3 h5 15.f3 Re8 16.
f4 h4 17.Bf1 Kf7 18.Re2 Rh8 19.Rg2 hxg3 20.Rxg3 b6 21.Bb5 Qg8 22.Bc6 Qh7 
23.Nf1 Ba6 24.Bb5 Bb7 25.Bc6 Bxc6 26.dxc6+ d5 27.Bd2 Bf8 28.Re1 Bd6 29.Re2
Rag8 30.Rg5 Ke6 31.Reg2 Qf7 32.Be1 Nh7 33.R5g3 g5 34.fxg5 Bxg3 35.Bxg3 
Nxg5 36.Be5 Nf3+ 37.Kh1 Rxg2 38.Kxg2 Nxe5 39.dxe5 Qh5 40.Qc2 Qf3+ 41.Kg1 
Rg8+ 42.Ng3 Qxe3+ 43.Kf1 f4 44.Ne2 f3 45.Ng3 Qh6 46.Nxe4 Qh3+ 47.Ke1 Rg1+ 
48.Kd2 Qxh2+ 49.Kc3 Qxc2+ 0-1

[Event "Deltalift Open 2012"]
[Site "Tylosand"]
[Date "2012.05.17"]
[Round "1.5"]
[White "Brynell, Stellan"]
[Black "Olsson, Tomas"]
[Result "1-0"]
[WhiteElo "2555"]
[BlackElo "2001"]
[EventDate "2012.05.17"]

1.d4 Nf6 2.c4 g6 3.g3 Bg7 4.Bg2 O-O 5.Nc3 d6 6.Nf3 Nc6 7.O-O Bf5 8.b3 Ne4 
9.Bb2 Nxc3 10.Bxc3 Qd7 11.Qd2 Bg4 12.d5 Bxf3 13.exf3 Bxc3 14.Qxc3 Nd8 15.
f4 c6 16.Rfe1 cxd5 17.cxd5 Rc8 18.Qe3 Rc7 19.Qxa7 b5 20.Qe3 Nb7 21.Rac1 
Rfc8 22.Rxc7 Rxc7 23.b4 Nd8 24.Bf1 e6 25.h4 Ra7 26.Bxb5 1-0

[Event "Deltalift Open 2012"]
[Site "Tylosand"]
[Date "2012.05.17"]
[Round "1.6"]
[White "Lindstrom, Reine"]
[Black "Ziegler, Ari"]
[Result "0-1"]
[WhiteElo "1993"]
[BlackElo "2418"]
[EventDate "2012.05.17"]

1.e4 e6 2.d4 d5 3.exd5 exd5 4.Bd3 c5 5.Qe2+ Be7 6.dxc5 Nf6 7.Nf3 O-O 8.Be3
Re8 9.O-O Bxc5 10.Qd2 Bxe3 11.fxe3 Qb6 12.c3 Qxe3+ 13.Qxe3 Rxe3 14.Bc2 Nc6
15.Re1 Rxe1+ 16.Nxe1 Bg4 17.Na3 a6 18.h3 Bh5 19.g4 Bg6 20.Bxg6 hxg6 21.Rd1
Re8 22.Nac2 Ne5 23.Nb4 Nc4 24.Nbc2 g5 25.b3 Ne3 26.Rd3 Nxc2 27.Nxc2 Re2 
28.Nb4 Re5 29.Rf3 a5 30.Nd3 Re2 31.a4 Rc2 32.Nc5 b6 33.Na6 Ne4 34.Rd3 Rxc3
35.Rxd5 Rxb3 36.Nb8 Rxh3 37.Nd7 Nf6 38.Nxf6+ gxf6 39.Rb5 Ra3 40.Rxb6 Kg7 
0-1

[Event "Deltalift Open 2012"]
[Site "Tylosand"]
[Date "2012.05.17"]
[Round "1.7"]
[White "Kockum, Anton Frisk"]
[Black "Karlsson, Robin"]
[Result "1-0"]
[WhiteElo "2410"]
[BlackElo "1989"]
[EventDate "2012.05.17"]

1.d4 Nf6 2.Nf3 g6 3.c4 Bg7 4.Nc3 d6 5.e4 O-O 6.Be2 e5 7.O-O Nc6 8.d5 Ne7 
9.Ne1 Nd7 10.Nd3 f5 11.Bd2 Nf6 12.f3 f4 13.g4 g5 14.c5 Ng6 15.Be1 Rf7 16.
cxd6 cxd6 17.Bf2 Bf8 18.a4 h5 19.h3 Rh7 20.Kg2 Qe7 21.Rh1 a6 22.Qb3 Qg7 
23.a5 Nh4+ 24.Bxh4 gxh4 25.Nf2 Be7 26.Na4 hxg4 27.fxg4 Qg6 28.Bf3 Rb8 29.
Nb6 Qe8 30.Rhc1 Bd7 31.Nxd7 Nxd7 32.Nd3 Bd8 33.Qa3 Qg6 34.Rc4 Nf6 35.Qxd6 
1-0

[Event "Deltalift Open 2012"]
[Site "Tylosand"]
[Date "2012.05.17"]
[Round "1.8"]
[White "Olsson, Bo"]
[Black "Aberg, Anton"]
[Result "0-1"]
[WhiteElo "1987"]
[BlackElo "2403"]
[EventDate "2012.05.17"]

1.d4 d5 2.c4 c6 3.Nf3 Nf6 4.e3 a6 5.Bd3 Bg4 6.h3 Bh5 7.cxd5 cxd5 8.Qa4+ 
Nbd7 9.Bd2 Bg6 10.Bxg6 hxg6 11.Bb4 Ne4 12.Nbd2 Nxd2 13.Kxd2 e6 14.Bxf8 
Kxf8 15.Rac1 Kg8 16.Rc2 Nb6 17.Qb4 Kh7 18.b3 Re8 19.Rhc1 Re7 20.Ke2 f6 21.
Kf1 Kg8 22.a4 Kf7 23.Rc5 Nc8 24.Qc3 Na7 25.Rc7 Nc6 26.Rxe7+ Qxe7 27.Qc5 
Qxc5 28.Rxc5 Ke7 29.Ke2 Kd6 30.Rc3 b5 31.axb5 axb5 32.Rc5 Ra2+ 33.Nd2 b4 
34.Rb5 Kc7 35.Kd3 Ra1 36.e4 Kd6 37.exd5 exd5 38.Rb7 Rc1 39.Rxg7 Rc3+ 40.
Ke2 Nxd4+ 41.Kd1 Rd3 42.Ke1 g5 43.g3 Rc3 44.Kd1 Rc6 45.h4 gxh4 46.gxh4 Ra6
47.Kc1 Ra1+ 48.Kb2 Rd1 49.Nb1 Rd3 50.Rg6 Ke5 51.Rg4 Rxb3+ 52.Ka2 Rf3 53.h5
Rxf2+ 54.Ka1 Nb3# 0-1

[Event "Deltalift Open 2012"]
[Site "Tylosand"]
[Date "2012.05.17"]
[Round "1.31"]
[White "Rothman, Peter"]
[Black "Ekberg, Andreas"]
[Result "1-0"]
[WhiteElo "2197"]
[BlackElo "1815"]
[EventDate "2012.05.17"]

1.d4 g6 2.Nf3 Bg7 3.c4 d6 4.Nc3 Nf6 5.g3 O-O 6.Bg2 c6 7.O-O Nbd7 8.h3 e5 
9.e4 exd4 10.Nxd4 Ne5 11.b3 Re8 12.Be3 Be6 13.f4 Bxc4 14.bxc4 Nxc4 15.Bf2 
c5 16.Nde2 Nxe4 17.Nxe4 Bxa1 18.Qxa1 Re6 19.N2c3 Nb6 20.Rd1 Qf8 21.Ng5 
Ree8 22.Nce4 Red8 23.Nf6+ Kh8 24.Bxb7 Rab8 25.Nd7+ Kg8 26.Nxf8 1-0

[Event "Deltalift Open 2012"]
[Site "Tylosand"]
[Date "2012.05.17"]
[Round "1.43"]
[White "Nilsson, Weine"]
[Black "Svensson, Daniel"]
[Result "1-0"]
[WhiteElo "2148"]
[BlackElo "1700"]
[EventDate "2012.05.17"]

1.e4 c5 2.Nc3 Nc6 3.g3 d6 4.Bg2 Nf6 5.Nge2 g6 6.O-O Bg7 7.d4 cxd4 8.Nxd4 
Nxe4 9.Nxc6 Nxc3 10.bxc3 bxc6 11.Bxc6+ Bd7 12.Bxa8 Qxa8 13.Rb1 Bh3 14.f3 
Bxf1 15.Kxf1 Bxc3 16.Qd3 Qc6 17.Bg5 Kd7 18.Qe3 Qc4+ 19.Kg2 Be5 20.Qxa7+ 
Kc6 21.Rb6+ Kd5 22.Qb7+ Ke6 23.Qxe7+ Kd5 24.Qxf7+ Kd4 25.Be3+ Kc3 1-0

[Event "Deltalift Open 2012"]
[Site "Tylosand"]
[Date "2012.05.17"]
[Round "1.45"]
[White "Olofsson Dolk, Mattis"]
[Black "Lindblad, Bjorn"]
[Result "1-0"]
[WhiteElo "2144"]
[BlackElo "1676"]
[EventDate "2012.05.17"]

1.e4 e5 2.Nf3 Nc6 3.Bb5 f5 4.d3 fxe4 5.dxe4 Nf6 6.O-O Bc5 7.Bg5 d6 8.Nc3 
h6 9.Bxf6 Qxf6 10.Nd5 Qf7 11.b4 Bb6 12.a4 a6 13.Nxb6 cxb6 14.Bxc6+ bxc6 
15.Qxd6 Qf6 16.Qxe5+ Qxe5 17.Nxe5 Bb7 18.Nc4 1-0

[Event "Deltalift Open 2012"]
[Site "Tylosand"]
[Date "2012.05.17"]
[Round "1.47"]
[White "Jonsson, Krister"]
[Black "Brondum Kraul, Jan"]
[Result "1/2-1/2"]
[WhiteElo "2133"]
[BlackElo "1647"]
[EventDate "2012.05.17"]

1.d4 Nf6 2.c4 e6 3.Nf3 b6 4.Bf4 Bb4+ 5.Nfd2 Ba6 6.e3 Ne4 7.a3 Bxd2+ 8.Nxd2
Nxd2 9.Qxd2 d6 10.Be2 Bb7 11.f3 Nd7 12.O-O Qe7 13.Bg3 h5 14.e4 h4 15.Bf2 
g5 16.Rfe1 O-O-O 17.b4 g4 18.Be3 gxf3 19.Bxf3 Rdg8 20.c5 e5 21.d5 dxc5 
1/2-1/2

[Event "Deltalift Open 2012"]
[Site "Tylosand"]
[Date "2012.05.17"]
[Round "1.61"]
[White "Thiborg, Jesper"]
[Black "Svensson, Paula"]
[Result "1-0"]
[WhiteElo "2059"]
[BlackElo "1342"]
[EventDate "2012.05.17"]

1.d4 d5 2.Nf3 Nc6 3.c4 b6 4.cxd5 Qxd5 5.Nc3 Qd7 6.e4 e6 7.Bb5 a6 8.Ne5 Qd6
9.Bxc6+ Ke7 10.Bf4 Qb4 11.Qd2 1-0

[Event "Deltalift Open 2012"]
[Site "Tylosand"]
[Date "2012.05.17"]
[Round "2.16"]
[White "von Bromsen, Goran"]
[Black "Ronneland, Daniel"]
[Result "1/2-1/2"]
[WhiteElo "2074"]
[BlackElo "2263"]
[EventDate "2012.05.17"]

1.d4 Nf6 2.c4 g6 3.Nc3 Bg7 4.e4 d6 5.Nf3 O-O 6.Be2 e5 7.d5 a5 8.Bg5 Na6 9.
Nd2 Nc5 10.O-O h6 11.Bh4 Qe8 12.Nb5 Qd7 13.f3 Nh5 14.Bf2 Na6 15.a3 Nf4 16.
b4 axb4 17.axb4 b6 18.c5 bxc5 19.bxc5 dxc5 20.Bxc5 Re8 21.Be3 Bb7 22.Rb1 
c6 23.dxc6 1/2-1/2

[Event "Deltalift Open 2012"]
[Site "Tylosand"]
[Date "2012.05.17"]
[Round "2.29"]
[White "Persson, Andreas"]
[Black "Agovic, Sejfo"]
[Result "1-0"]
[WhiteElo "2177"]
[BlackElo "1790"]
[EventDate "2012.05.17"]

1.e4 c5 2.Nf3 d6 3.Bb5+ Bd7 4.Bxd7+ Qxd7 5.O-O g6 6.Qe2 Nc6 7.c3 Bg7 8.Rd1
e5 9.d3 Nge7 10.Nbd2 a6 11.Nc4 Rd8 12.a4 O-O 13.Be3 f5 14.Qc2 f4 15.Bc1 
Kh8 16.Qb3 Bf6 17.Nb6 Qc7 18.Nd5 Nxd5 19.exd5 Ne7 20.Nd2 g5 21.Ne4 g4 22.
Qc4 Nf5 23.d4 g3 24.hxg3 fxg3 25.dxc5 gxf2+ 26.Kxf2 Bh4+ 27.Kg1 Rd7 28.Rf1
Rdf7 29.Bg5 Bxg5 30.Nxg5 Rg7 31.Ne6 Rxg2+ 32.Kxg2 Rg8+ 33.Kf2 Qf7 34.Ke1 
Qh5 35.Qe2 Qh4+ 36.Kd1 Ng3 1-0

[Event "Deltalift Open 2012"]
[Site "Tylosand"]
[Date "2012.05.17"]
[Round "2.30"]
[White "Saad, Hamza"]
[Black "Reid, Gregor"]
[Result "0-1"]
[WhiteElo "1262"]
[BlackElo "2171"]
[EventDate "2012.05.17"]

1.e4 g6 2.d4 d6 3.Be3 Bg7 4.Nc3 Nc6 5.Bd3 Nf6 6.Nge2 Ng4 7.Qd2 Nxe3 8.Qxe3
e5 9.d5 Nd4 10.f3 O-O 11.O-O-O c6 12.f4 exf4 13.Qxf4 c5 14.Nxd4 Bxd4 15.
Be2 Be5 16.Qf3 b5 17.Bxb5 Rb8 18.a4 a6 19.Be2 Qa5 20.Rd3 Bd7 21.b3 c4 22.
bxc4 Bxa4 23.Nxa4 Qxa4 24.g3 Qa5 25.Ra3 Bb2+ 26.Kd1 Bxa3 27.Bd3 f5 28.h4 
fxe4 29.Qxe4 Rfe8 30.Qg4 Rb1# 0-1

[Event "Deltalift Open 2012"]
[Site "Tylosand"]
[Date "2012.05.17"]
[Round "2.35"]
[White "Brondum Kraul, Jan"]
[Black "Bengtsson, Jessica"]
[Result "0-1"]
[WhiteElo "1647"]
[BlackElo "1945"]
[EventDate "2012.05.17"]

1.e4 c5 2.Qe2 Nc6 3.c3 e5 4.Na3 Nf6 5.d3 Be7 6.Nc2 O-O 7.Nf3 Qc7 8.g3 d5 
9.exd5 Nxd5 10.Ne3 Be6 11.Bg2 Rad8 12.Bd2 b5 13.Nxd5 Bxd5 14.O-O c4 15.d4 
exd4 16.Bf4 Bd6 17.Bxd6 Qxd6 18.cxd4 Bxf3 19.Qxf3 Nxd4 20.Qh5 g6 21.Qd1 
Qf6 22.Qg4 h5 0-1

[Event "Deltalift Open 2012"]
[Site "Tylosand"]
[Date "2012.05.17"]
[Round "2.38"]
[White "Fransson, Stefan"]
[Black "Kinberger, Elon"]
[Result "1-0"]
[WhiteElo "1790"]
[BlackElo "1400"]
[EventDate "2012.05.17"]

1.e4 c5 2.Nc3 d6 3.f4 Nf6 4.Nf3 Nc6 5.Bc4 g6 6.O-O Bg7 7.d3 Nd4 8.Nxd4 
cxd4 9.Ne2 Qb6 10.h3 O-O 11.Qe1 Be6 12.Bb3 Bxb3 13.axb3 Nxe4 14.dxe4 d3+ 
15.Kh1 dxe2 16.Qxe2 Rac8 17.Be3 Bd4 18.Bxd4 Qxd4 19.c3 Qb6 20.b4 Rfe8 21.
Ra5 a6 22.h4 e6 23.h5 d5 24.e5 d4 25.hxg6 fxg6 26.Qf2 Rf8 27.Rd1 g5 28.Qg3
Rxf4 29.Qxg5+ Kh8 30.Qxf4 dxc3 31.bxc3 Qc6 32.Rc5 Qe8 33.Rxc8 Qxc8 34.Qf6+
Kg8 35.Rd8+ Qxd8 36.Qxd8+ Kg7 37.Qf6+ Kg8 38.Qxe6+ Kf8 39.Qf6+ Kg8 40.e6 
b6 41.Qf7+ Kh8 42.Qf8# 1-0

[Event "Deltalift Open 2012"]
[Site "Tylosand"]
[Date "2012.05.17"]
[Round "2.41"]
[White "Goransson, Martin"]
[Black "Valle, Lorenzo"]
[Result "1-0"]
[WhiteElo "2036"]
[BlackElo "1770"]
[EventDate "2012.05.17"]

1.c4 Nf6 2.g3 g6 3.Bg2 Bg7 4.Nc3 O-O 5.e4 Nc6 6.Nge2 e5 7.O-O d6 8.d3 Nd7 
9.Be3 a6 10.Qd2 Nd4 11.Rab1 Nc5 12.b4 Nce6 13.f4 Nxe2+ 14.Nxe2 exf4 15.
gxf4 Qe7 16.d4 Rb8 17.f5 gxf5 18.exf5 Nd8 19.Rbe1 b5 20.cxb5 Rxb5 21.Ng3 
Kh8 22.a4 Rb8 23.Bg5 1-0

[Event "Deltalift Open 2012"]
[Site "Tylosand"]
[Date "2012.05.17"]
[Round "2.49"]
[White "Rydell, Marten"]
[Black "Storm, Ingemar"]
[Result "1-0"]
[WhiteElo "1968"]
[BlackElo "1688"]
[EventDate "2012.05.17"]

1.e4 e5 2.Nf3 Nc6 3.Bb5 a6 4.Ba4 Nf6 5.d4 b5 6.Bb3 exd4 7.O-O Nxe4 8.Nxd4 
Nxd4 9.Qxd4 Nf6 10.Bg5 Bb7 11.Re1+ Be7 12.Bxf6 gxf6 13.Qxf6 Rf8 14.Nc3 d6 
15.Nd5 1-0

[Event "Deltalift Open 2012"]
[Site "Tylosand"]
[Date "2012.05.17"]
[Round "2.65"]
[White "Morling, Joakim"]
[Black "Johansson, Simon"]
[Result "1-0"]
[WhiteElo "1828"]
[BlackElo "1271"]
[EventDate "2012.05.17"]

1.d4 Nf6 2.c4 d6 3.Nc3 g6 4.e4 Bg7 5.Nf3 O-O 6.Be2 e5 7.O-O Nbd7 8.d5 Ne8 
9.Ne1 f5 10.f3 Ndf6 11.Be3 f4 12.Bf2 Nh5 13.b4 Kh8 14.c5 g5 15.g4 fxg3 16.
hxg3 Bh3 17.Ng2 Nef6 18.Kh2 Bc8 19.Ne3 Bh6 20.g4 Nf4 21.Nf5 Rg8 22.Nxh6 
1-0

[Event "Deltalift Open 2012"]
[Site "Tylosand"]
[Date "2012.05.17"]
[Round "2.1"]
[White "Brezinski, Adam"]
[Black "Tikkanen, Hans"]
[Result "0-1"]
[WhiteElo "2170"]
[BlackElo "2636"]

1.e4 e6 2.d4 d5 3.Nd2 Nf6 4.e5 Nfd7 5.Ngf3 c5 6.c3 Nc6 7.Bd3 g6 8.O-O Bg7 
9.Re1 O-O 10.dxc5 Ncxe5 11.Nxe5 Nxe5 12.Nb3 Nxd3 13.Qxd3 e5 14.f4 f6 15.
Be3 Be6 16.Qd2 Re8 17.fxe5 fxe5 18.Bh6 Bh8 19.Rf1 a5 20.Qf2 Qc7 21.Nd2 Bf5
22.Nf3 Rac8 23.Ng5 e4 24.g4 Bxg4 25.Qf7+ Qxf7 26.Rxf7 d4 27.cxd4 Bxd4+ 28.
Kg2 Rxc5 29.Raf1 Rf5 30.R1xf5 Bxf5 31.Rxb7 e3 32.Nf3 e2 33.Bd2 Be4 34.Rd7 
Bxb2 0-1

[Event "Deltalift Open 2012"]
[Site "Tylosand"]
[Date "2012.05.17"]
[Round "2.2"]
[White "Hector, Jonny"]
[Black "Neretljak, Nedzad"]
[Result "1-0"]
[WhiteElo "2630"]
[BlackElo "2164"]

1.e4 e6 2.d4 d5 3.Nc3 Bb4 4.e5 c5 5.Bd2 Bd7 6.Nb5 Bxd2+ 7.Qxd2 Bxb5 8.
Bxb5+ Nc6 9.dxc5 Ne7 10.Nf3 O-O 11.O-O Qc7 12.Rfe1 Ng6 13.Bxc6 Qxc6 14.b4 
Rae8 15.Nd4 Qd7 16.f4 a6 17.a4 f6 18.f5 fxe5 19.fxg6 exd4 20.gxh7+ Kh8 21.
Qxd4 Rf5 22.Re5 Ref8 23.Rxf5 Rxf5 24.h3 e5 25.Qg4 Qf7 26.b5 a5 27.c6 bxc6 
28.b6 Rf4 29.Qc8+ Kxh7 30.b7 1-0

[Event "Deltalift Open 2012"]
[Site "Tylosand"]
[Date "2012.05.17"]
[Round "2.3"]
[White "Lindhe, Magnus"]
[Black "Berg, Emanuel"]
[Result "0-1"]
[WhiteElo "2169"]
[BlackElo "2627"]

1.d4 Nf6 2.Nf3 g6 3.Bg5 Bg7 4.Nbd2 d5 5.c3 O-O 6.e3 h6 7.Bh4 Nbd7 8.Be2 b6
9.O-O Bb7 10.b4 Ne4 11.Nxe4 dxe4 12.Nd2 f5 13.f3 g5 14.Bg3 exf3 15.Bxf3 
Bxf3 16.Qb3+ Kh7 17.Nxf3 Nf6 18.Nd2 Nd5 19.Rae1 c5 20.Kh1 cxd4 21.exd4 f4 
22.Bf2 b5 23.Ne4 Rf5 24.Nc5 Qf8 25.Qc2 Kh8 26.Qd3 a5 27.a3 axb4 28.axb4 
Qf7 29.Qxb5 g4 30.Qc6 Rg8 31.Qe6 Qh5 32.Bg1 f3 33.g3 Nf4 34.Qa2 Ne2 35.Bf2
Qxh2+ 0-1

[Event "Deltalift Open 2012"]
[Site "Tylosand"]
[Date "2012.05.17"]
[Round "2.4"]
[White "Hillarp Persson, Tiger"]
[Black "Wahlstrom, Lennart"]
[Result "1-0"]
[WhiteElo "2586"]
[BlackElo "2157"]

1.d4 d5 2.c4 e6 3.Nc3 c5 4.cxd5 exd5 5.Nf3 Nc6 6.dxc5 d4 7.Na4 b5 8.e3 
bxa4 9.exd4 Nf6 10.Qxa4 Bd7 11.Bb5 Rc8 12.O-O Be7 13.Ne5 Nxe5 14.dxe5 Rxc5
15.exf6 Bxb5 16.fxe7 Qxe7 17.Qd4 Bxf1 18.Qxg7 Qe1 19.Qxh8+ Kd7 20.Qd4+ Kc6
21.Qxc5+ 1-0

[Event "Deltalift Open 2012"]
[Site "Tylosand"]
[Date "2012.05.17"]
[Round "2.5"]
[White "Unmack, Christian"]
[Black "Brynell, Stellan"]
[Result "0-1"]
[WhiteElo "2161"]
[BlackElo "2555"]

1.e4 e6 2.d4 d5 3.Nc3 Nf6 4.exd5 exd5 5.Bd3 Bb4 6.Nf3 O-O 7.O-O Bg4 8.Bg5 
c6 9.Ne2 Bxf3 10.gxf3 Nbd7 11.Ng3 Qc7 12.Kg2 Rfe8 13.Rh1 h6 14.Be3 Nf8 15.
Qc1 Ng6 16.Nf5 Nh5 17.Rg1 Bd6 18.Bxh6 gxh6 19.Qxh6 Nhf4+ 20.Kh1 Bf8 21.Qh4
Bg7 22.Qg4 Nxd3 23.cxd3 Re2 24.Rg2 Rae8 25.Rag1 Re1 26.h4 Rxg1+ 27.Rxg1 
Re2 28.h5 Rxf2 29.Qh3 Qf4 30.hxg6 Qxf3+ 31.Qxf3 Rxf3 32.gxf7+ Kxf7 33.Nxg7
Rxd3 34.Nf5 Kf6 35.Rf1 Rd2 36.Nd6+ Ke7 37.Nxb7 Rxb2 38.Nc5 Rxa2 39.Rb1 a5 
40.Rb7+ Kf6 41.Rc7 a4 42.Rxc6+ Kf5 43.Ra6 a3 44.Rd6 Rb2 45.Rxd5+ Kg4 46.
Nb3 Rxb3 47.Ra5 Kg3 48.Rg5+ Kf3 49.Rf5+ Ke4 50.Ra5 Kxd4 51.Kg2 Kc3 52.Kf3 
Kb2+ 53.Ke4 a2 54.Kd4 a1=Q 55.Rxa1 Kxa1 56.Kc4 Rb8 57.Kc5 Kb2 58.Kc6 Kc3 
59.Kc7 Rb4 60.Kc6 Kc4 0-1

[Event "Deltalift Open 2012"]
[Site "Tylosand"]
[Date "2012.05.17"]
[Round "2.6"]
[White "Ziegler, Ari"]
[Black "Nilsson, Weine"]
[Result "1-0"]
[WhiteElo "2418"]
[BlackElo "2148"]

1.Nf3 Nf6 2.c4 c6 3.e3 d5 4.b3 Bf5 5.Bb2 e6 6.Nc3 Nbd7 7.Be2 a6 8.Nh4 Bg6 
9.Nxg6 hxg6 10.O-O Bd6 11.h3 Qe7 12.f4 Nh5 13.Bxh5 Rxh5 14.Qf3 Nc5 15.Ba3 
Ne4 16.Bxd6 Nxd6 17.d3 dxc4 18.bxc4 Qf6 19.Ne2 Nf5 20.Rab1 O-O-O 21.Rb3 
Nh4 22.Qf2 Rd7 23.Rfb1 Ra5 24.Ng3 e5 25.Ne4 Qe7 26.c5 Nf5 27.g4 1-0

[Event "Deltalift Open 2012"]
[Site "Tylosand"]
[Date "2012.05.17"]
[Round "2.7"]
[White "Lindahl, Emil"]
[Black "Kockum, Anton Frisk"]
[Result "0-1"]
[WhiteElo "2154"]
[BlackElo "2410"]

1.d4 Nf6 2.c4 e6 3.Nc3 Bb4 4.e3 c5 5.Bd3 O-O 6.Ne2 Nc6 7.O-O d6 8.Qc2 Bxc3
9.Qxc3 e5 10.d5 Ne7 11.Ng3 b5 12.b3 Rb8 13.Bb2 Ng6 14.f4 Re8 15.Bxg6 hxg6 
16.fxe5 Rxe5 17.Qd2 Ne4 18.Nxe4 Rxe4 19.cxb5 Rxb5 20.Qd3 Qe8 21.Qc3 f6 22.
Rxf6 gxf6 23.Qxf6 Re5 24.Rf1 Rb4 25.Qxd6 Rf5 26.Rxf5 Bxf5 27.Kf2 Qf8 28.
Qe5 Bd3+ 29.Kg3 Kh7 30.Qc7+ Kh6 31.Bc3 Re4 32.d6 Rxe3+ 0-1

[Event "Deltalift Open 2012"]
[Site "Tylosand"]
[Date "2012.05.17"]
[Round "2.8"]
[White "Aberg, Anton"]
[Black "Olofsson Dolk, Mattis"]
[Result "0-1"]
[WhiteElo "2403"]
[BlackElo "2144"]

1.c4 Nf6 2.g3 g6 3.Bg2 d5 4.d4 Bg7 5.cxd5 Nxd5 6.e4 Nb6 7.Ne2 c5 8.d5 O-O 
9.O-O e6 10.Nbc3 exd5 11.exd5 Nc4 12.Ne4 Na6 13.N2c3 Bf5 14.Bg5 f6 15.Bc1 
Qd7 16.Qb3 Ne5 17.Qb5 Rad8 18.f4 Qxb5 19.Nxb5 Nc4 20.Nxa7 Bxe4 21.Bxe4 Nd6
22.Bg2 Ra8 23.Nc6 bxc6 24.dxc6 f5 25.Rb1 Ne4 26.Be3 Bd4 27.Rfe1 Rfe8 28.
Bxd4 cxd4 29.b4 Nc3 30.b5 Rxe1+ 31.Rxe1 Nxb5 32.a4 Nbc7 33.Re7 Rd8 34.Rd7 
Rb8 35.Rxd4 Rb4 36.Rd8+ Kg7 37.Bf1 Kh6 38.h3 Rb6 39.Bg2 Rb1+ 40.Kf2 Ra1 
41.g4 Rxa4 42.Kg3 fxg4 43.hxg4 Rxf4 44.Kxf4 Ne6+ 45.Ke5 Nxd8 46.Kd6 Kg5 
47.Bf1 Nxc6 48.Bxa6 Nd4 49.Bc8 Nc2 50.Ke5 Ne3 51.Ke4 Nxg4 52.Kf3 Ne5+ 53.
Kg2 h5 54.Kh3 Kf4 55.Be6 g5 56.Bd5 Nf3 57.Bf7 g4+ 58.Kg2 h4 59.Bd5 h3+ 60.
Kh1 g3 61.Bxf3 Kxf3 62.Kg1 g2 0-1

[Event "Deltalift Open 2012"]
[Site "Tylosand"]
[Date "2012.05.17"]
[Round "3.14"]
[White "Ravik, Andreas"]
[Black "Lindh, Fredrik"]
[Result "1-0"]
[WhiteElo "1921"]
[BlackElo "2290"]
[EventDate "2012.05.17"]

1.e4 c5 2.Nf3 Nc6 3.d4 cxd4 4.Nxd4 Nf6 5.Nc3 e5 6.Ndb5 d6 7.Bg5 a6 8.Bxf6 
gxf6 9.Na3 b5 10.Nd5 Bg7 11.c3 f5 12.Bd3 Be6 13.Qh5 O-O 14.exf5 Bxd5 15.f6
e4 16.Qxd5 exd3 17.O-O Qxf6 18.Qxc6 b4 19.Nb1 Rfc8 20.Qd5 Qg6 21.Rd1 Re8 
22.a3 bxc3 23.Nxc3 Rab8 24.Rxd3 Rxb2 25.Rg3 Qe6 26.Qd1 Qf6 27.Qf1 Rc2 28.
Nd5 Qe6 29.Ne3 1-0

[Event "Deltalift Open 2012"]
[Site "Tylosand"]
[Date "2012.05.17"]
[Round "3.21"]
[White "Madebrink, Lars"]
[Black "Karlsson, Robin"]
[Result "1-0"]
[WhiteElo "2271"]
[BlackElo "1989"]
[EventDate "2012.05.17"]

1.d4 Nf6 2.Nf3 g6 3.g3 Bg7 4.Bg2 d6 5.O-O O-O 6.c4 Nc6 7.Nc3 Rb8 8.h3 a6 
9.e4 b5 10.cxb5 axb5 11.d5 Na5 12.Nd4 Bd7 13.a3 c5 14.dxc6 Nxc6 15.Nxc6 
Bxc6 16.e5 Bxg2 17.exf6 Bxf1 18.fxg7 Kxg7 19.Kxf1 Qd7 20.Kg2 b4 21.axb4 
Rxb4 22.Nd5 Qb7 23.Kh2 Rb5 24.Nc3 Rb4 25.Be3 Ra8 26.Rxa8 Qxa8 27.Nd5 Ra4 
28.Nxe7 Ra1 29.Qd4+ f6 30.Nd5 Qf8 31.b4 Rb1 32.Bg5 1-0

[Event "Deltalift Open 2012"]
[Site "Tylosand"]
[Date "2012.05.17"]
[Round "3.24"]
[White "Olsson, Bo"]
[Black "Wiander, Michael"]
[Result "0-1"]
[WhiteElo "1987"]
[BlackElo "2198"]
[EventDate "2012.05.17"]

1.d4 d5 2.c4 e5 3.dxe5 d4 4.Nf3 Nc6 5.g3 Nge7 6.Bg2 Ng6 7.O-O Ngxe5 8.Nxe5
Nxe5 9.Qc2 Be7 10.Rd1 O-O 11.f4 d3 12.Qd2 Bc5+ 13.e3 Nxc4 14.Qxd3 Nxe3 15.
Bxe3 Bxe3+ 16.Kf1 Bg4 17.Qxd8 Raxd8 18.Re1 Rfe8 19.h3 Bf5 20.Nc3 Bd3+ 21.
Ne2 Bd2 0-1

[Event "Deltalift Open 2012"]
[Site "Tylosand"]
[Date "2012.05.17"]
[Round "3.36"]
[White "Naglic, Zdenko"]
[Black "Eriksson, Kristian"]
[Result "0-1"]
[WhiteElo "1816"]
[BlackElo "2087"]
[EventDate "2012.05.17"]

1.e4 e5 2.Nf3 Nc6 3.Bb5 a6 4.Ba4 Nf6 5.O-O b5 6.Bb3 Bb7 7.Re1 Bc5 8.c3 d6 
9.d3 h6 10.h3 O-O 11.Nbd2 Re8 12.Nf1 d5 13.Ng3 Bf8 14.a4 g6 15.exd5 Nxd5 
16.axb5 axb5 17.Rxa8 Bxa8 18.c4 bxc4 19.dxc4 Ndb4 20.Qxd8 Rxd8 21.Nxe5 
Nxe5 22.Rxe5 Nd3 23.Bxh6 Nxe5 24.Bg5 Rb8 25.Ba4 Rxb2 26.Bf4 Nd3 27.Be3 Bc5
0-1

[Event "Deltalift Open 2012"]
[Site "Tylosand"]
[Date "2012.05.17"]
[Round "3.47"]
[White "Lindstrom, Reine"]
[Black "Saad, Hamza"]
[Result "1-0"]
[WhiteElo "1993"]
[BlackElo "1262"]
[EventDate "2012.05.17"]

1.e4 c6 2.d4 Na6 3.Nf3 d5 4.e5 e6 5.Be3 c5 6.Bxa6 bxa6 7.dxc5 Qc7 8.Qd4 f6
9.O-O Be7 10.Nc3 Bd7 11.b4 Bb5 12.Rfe1 Nh6 13.Bxh6 gxh6 14.a4 Bc6 15.exf6 
Rg8 16.Rxe6 O-O-O 17.Rxe7 Qb8 18.Qe5 1-0

[Event "Deltalift Open 2012"]
[Site "Tylosand"]
[Date "2012.05.17"]
[Round "3.48"]
[White "Jonsson, Krister"]
[Black "Nilsson, Fredrik"]
[Result "1-0"]
[WhiteElo "2133"]
[BlackElo "1282"]
[EventDate "2012.05.17"]

1.d4 Nf6 2.c4 e6 3.Nf3 Bb4+ 4.Nbd2 b6 5.g3 Bb7 6.Bg2 d6 7.Qa4+ Nc6 8.d5 
exd5 9.cxd5 Nxd5 10.Nd4 Bxd2+ 11.Bxd2 Ne7 12.Nxc6 Bxc6 13.Bxc6+ Nxc6 14.
Qxc6+ Ke7 15.Qe4+ 1-0

[Event "Deltalift Open 2012"]
[Site "Tylosand"]
[Date "2012.05.17"]
[Round "3.51"]
[White "Karlsson, Anders"]
[Black "Brondum Kraul, Jan"]
[Result "1-0"]
[WhiteElo "1871"]
[BlackElo "1647"]
[EventDate "2012.05.17"]

1.e4 e5 2.Nf3 d6 3.d4 f5 4.dxe5 fxe4 5.Ng5 d5 6.e6 Nh6 7.Nc3 c6 8.Be2 Be7 
9.h4 O-O 10.Be3 Nf5 11.Nf7 Nxe3 12.fxe3 Qb6 13.Ng5 1-0